=LDR 00000nam 2200000 4500 =001 INLIS000000001052305 =005 20240822085630 =035 ##$$a 0010-0824000123 =007 ta =008 240822###########################0###### =020 ##$$a 978-623-8131-28-0 =082 ##$$a 004.2 =084 ##$$a 004.2 ROS p =100 #$$a Rosny Gonydjaja =245 1#$$a Pengantar Pengolahan Citra Digital / Rosny Gonydjaja, editor : M. Hidayat, Miskadi =250 ##$$a 1 =260 ##$$a Praya :$b Pusat Pengembangan Pendidikan dan Penelitian Indonesia,$c 2023 =300 ##$$a viii, 58 halaman : $b ilus ; $c 23 cm$e Lain-lain =500 ##$$a Biografi : halaman 57 =650 #4$$a Citra Digital =504 ##$$a Bibliografi : halaman 55-56 =990 ##$$a 16941694 =990 ##$$a 073/53/2024